[Event "Seniorenkampioenschap 2008"]
[Site "Oosterbeek"]
[Date "2008.07.09"]
[Round "5"]
[White "Goossen, T.P.."]
[Black "Hartoch, R.G.."]
[Result "1/2-1/2"]
[WhiteElo "2019"]
[BlackElo "2216"]
[PlyCount "33"]
[EventDate "2008.07.07"]
[EventType "swiss"]
[EventRounds "7"]
[EventCountry "NED"]

1. e4 g6 2. d4 Bg7 3. c3 d6 4. Bd3 e5 5. Nf3 Nd7 6. O-O Ngf6 7. Bg5 h6 8. Bh4
O-O 9. Nbd2 Qe8 10. Re1 Nh5 11. Nc4 Nb6 12. dxe5 dxe5 13. Ne3 f5 14. exf5 gxf5
15. Nc4 e4 16. Nxb6 axb6 17. Bc4+ 1/2-1/2

[Event "Seniorenkampioenschap 2008"]
[Site "Oosterbeek"]
[Date "2008.07.09"]
[Round "5"]
[White "Scholten, K.R.."]
[Black "Berg, A.M.J. van den"]
[Result "1/2-1/2"]
[WhiteElo "1968"]
[BlackElo "2204"]
[PlyCount "112"]
[EventDate "2008.07.07"]
[EventType "swiss"]
[EventRounds "7"]
[EventCountry "NED"]

1. e4 c5 2. Nf3 Nc6 3. d4 cxd4 4. Nxd4 g6 5. c4 Bg7 6. Be3 Nf6 7. Nc3 Ng4 8.
Qxg4 Nxd4 9. Qd1 Ne6 10. Qd2 Qa5 11. Be2 d6 12. O-O Bxc3 13. bxc3 Bd7 14. f4 f6
15. Bg4 Rc8 16. Rab1 Rc7 17. Qd5 Qxd5 18. cxd5 Nd8 19. Bxd7+ Kxd7 20. Bxa7 Rxc3
21. Bb6 Rc4 22. Rfc1 Rxe4 23. Rc7+ Ke8 24. Rc8 Kd7 25. Rbc1 Re1+ 26. Rxe1 Kxc8
27. Rxe7 f5 28. Kf2 Rf8 29. Rxh7 Nf7 30. h4 Kd7 31. Rg7 Ke7 32. Rxg6 Ra8 33.
Re6+ Kf8 34. Re2 Ra4 35. g3 Nh6 36. Bc7 Ra6 37. a4 Ng4+ 38. Kg2 Rxa4 39. Bxd6+
Kf7 40. Be5 b5 41. Bb2 Ra6 42. Kf3 Rd6 43. Rd2 b4 44. Be5 Rd7 45. Ke2 b3 46.
Rb2 Rxd5 47. Rxb3 Nxe5 48. fxe5 Rxe5+ 49. Kf3 Re4 50. Rb6 Ra4 51. Rd6 Ke7 52.
Rd2 Kf6 53. Rd8 Ra3+ 54. Kf4 Ra4+ 55. Ke3 Ra3+ 56. Rd3 Ra6 1/2-1/2

[Event "Seniorenkampioenschap 2008"]
[Site "Oosterbeek"]
[Date "2008.07.09"]
[Round "5"]
[White "Mostertman, L.G.."]
[Black "Etmans, M.D.."]
[Result "0-1"]
[WhiteElo "1942"]
[BlackElo "2135"]
[PlyCount "92"]
[EventDate "2008.07.07"]
[EventType "swiss"]
[EventRounds "7"]
[EventCountry "NED"]

1. e4 c6 2. d4 g6 3. f4 d5 4. e5 h5 5. Nd2 Nh6 6. Ndf3 Bf5 7. Ne2 e6 8. Ng3 c5
9. Nxf5 Nxf5 10. Bb5+ Nc6 11. c3 Qb6 12. a4 Rc8 13. g3 a6 14. Bxc6+ Qxc6 15.
O-O Be7 16. Rf2 Kf8 17. Kg2 Kg7 18. h3 b5 19. axb5 axb5 20. b3 b4 21. cxb4 cxb4
22. Rfa2 Qc3 23. Ra7 Qc2+ 24. Qxc2 Rxc2+ 25. Bd2 Nxd4 26. Rxe7 Nxf3 27. Kxf3
Rxd2 28. Raa7 Rf8 29. Ke3 Rb2 30. Kd4 Kg8 31. g4 Rxb3 32. Rec7 hxg4 33. hxg4
Rf3 34. f5 gxf5 35. gxf5 Rf4+ 36. Kc5 Rxf5 37. Kd6 Rd8+ 38. Ke7 Rb8 39. Kd6 b3
40. Ra1 b2 41. Rb1 Kf8 42. Rc2 Rb6+ 43. Kc7 Rb4 44. Kd6 Re4 45. Rh2 Rexe5 46.
Rbh1 Rh5 0-1

[Event "Seniorenkampioenschap 2008"]
[Site "Oosterbeek"]
[Date "2008.07.09"]
[Round "5"]
[White "Plijter, M.W.."]
[Black "Caspel, R.D.J. van"]
[Result "1/2-1/2"]
[WhiteElo "1935"]
[BlackElo "2056"]
[PlyCount "126"]
[EventDate "2008.07.07"]
[EventType "swiss"]
[EventRounds "7"]
[EventCountry "NED"]

1. e4 c6 2. d4 g6 3. Nf3 d5 4. e5 Bg4 5. Be2 e6 6. Ng1 Bxe2 7. Nxe2 c5 8. c3
Nc6 9. O-O Qb6 10. dxc5 Bxc5 11. b4 Be7 12. Be3 Qc7 13. Qa4 Qd7 14. Bd4 Nxd4
15. Qxd7+ Kxd7 16. Nxd4 Rc8 17. Re1 Nh6 18. a3 Nf5 19. Nxf5 gxf5 20. Ra2 Rc4
21. g3 Rhc8 22. f4 Bd8 23. Kf1 Bb6 24. Rd2 Ke7 25. Red1 h5 26. Rd3 h4 27. Kg2
a5 28. Kf3 h3 29. Ke2 axb4 30. axb4 Re4+ 31. Kf3 d4 32. cxd4 Rc2 33. Nd2 Rxd4
34. Rxd4 Bxd4 35. Ke2 Rb2 36. Kd3 Rxb4 37. Nc4 Bc5 38. Kc3 Ra4 39. Kb3 b5 40.
Nb2 Ra3+ 41. Kc2 b4 42. Nd3 Rc3+ 43. Kd2 Kd7 44. Rb1 Kc6 45. Nxb4+ Bxb4 46.
Rxb4 Ra3 47. Rb2 Kd5 48. Ke2 Kd4 49. Rd2+ Ke4 50. Rb2 Kd4 51. Rd2+ Kc4 52. Rc2+
Kb3 53. Rd2 Ra1 54. Kf3 Kc3 55. Re2 Kd3 56. Re3+ Kd4 57. Re2 Rf1+ 58. Rf2 Rd1
59. Ra2 Rd3+ 60. Ke2 Rc3 61. Ra4+ Kc5 62. Ra2 Kc6 63. Rd2 Rb3 1/2-1/2

[Event "Seniorenkampioenschap 2008"]
[Site "Oosterbeek"]
[Date "2008.07.09"]
[Round "5"]
[White "Taal, A.P.."]
[Black "Grotenhuis, G.H.."]
[Result "1/2-1/2"]
[WhiteElo "1930"]
[BlackElo "1958"]
[PlyCount "127"]
[EventDate "2008.07.07"]
[EventType "swiss"]
[EventRounds "7"]
[EventCountry "NED"]

1. d4 d5 2. c4 e6 3. Nc3 f5 4. Nf3 c6 5. Ne5 Nf6 6. Bf4 Nbd7 7. e3 Nxe5 8. Bxe5
Ng4 9. Bg3 Bd6 10. Bxd6 Qxd6 11. h3 Nf6 12. Bd3 O-O 13. c5 Qe7 14. O-O e5 15.
f4 exd4 16. exd4 Qe3+ 17. Kh2 Qxd4 18. Qc2 Ne4 19. Na4 Bd7 20. Rad1 Qf6 21. b4
h6 22. Bxe4 fxe4 23. Nc3 Rf7 24. Ne2 Raf8 25. Qd2 Qh4 26. Qe3 Bg4 27. Rd2 g5
28. Qg3 Qxg3+ 29. Nxg3 gxf4 30. Nxe4 dxe4 31. hxg4 Kg7 32. Re2 e3 33. Rf3 Rd8
34. g3 Rd2 35. Rxd2 fxg3+ 36. Rxg3 exd2 37. Rd3 Rf4 38. Rxd2 Rxb4 39. Kg3 Rb5
40. Rd7+ Kg6 41. a4 Rxc5 42. Rxb7 a5 43. Ra7 Kg5 44. Rg7+ Kf6 45. Rh7 Kg6 46.
Ra7 Rc3+ 47. Kh4 Rc5 48. Kg3 h5 49. gxh5+ Rxh5 50. Ra6 Rc5 51. Kf4 Kf6 52. Ke4
Ke6 53. Kd4 Kd6 54. Ra7 Rg5 55. Kc4 Rc5+ 56. Kd4 Rh5 57. Kc4 Rh4+ 58. Kb3 Rb4+
59. Ka3 Kc5 60. Rxa5+ Kc4 61. Rh5 Rb3+ 62. Ka2 Rb8 63. Rh4+ Kc3 64. Rh3+
1/2-1/2

[Event "Seniorenkampioenschap 2008"]
[Site "Oosterbeek"]
[Date "2008.07.09"]
[Round "5"]
[White "Rooi, P. de"]
[Black "Duijn, R. van"]
[Result "1-0"]
[WhiteElo "1951"]
[BlackElo "1919"]
[PlyCount "132"]
[EventDate "2008.07.07"]
[EventType "swiss"]
[EventRounds "7"]
[EventCountry "NED"]

1. d4 c5 2. Nf3 e6 3. Nc3 d5 4. Bf4 cxd4 5. Nxd4 Nf6 6. Ndb5 Na6 7. a3 Be7 8.
e3 O-O 9. Be2 Bd7 10. O-O Nc5 11. Bf3 Bxb5 12. Nxb5 Qb6 13. Qe2 a6 14. b4 Nce4
15. Nd4 Rac8 16. Rfc1 Nc3 17. Qe1 Nfe4 18. Bxe4 Nxe4 19. c3 Rc4 20. f3 Nf6 21.
a4 Rfc8 22. a5 Qd8 23. Ne2 Nd7 24. Rd1 Bf6 25. Rd3 Ne5 26. Bxe5 Bxe5 27. e4 Qc7
28. exd5 exd5 29. Rxd5 Bxh2+ 30. Kf1 Be5 31. Rad1 Bf6 32. Qd2 h6 33. Rd7 Qc6
34. Qd5 Qxd5 35. R1xd5 R8c7 36. Rxc7 Rxc7 37. Ke1 Kf8 38. Kd2 Ke7 39. Kd3 g6
40. c4 h5 41. Ng3 Bh4 42. Ne4 Be1 43. b5 Bb4 44. Re5+ Kd7 45. Nf6+ Kd6 46. f4
Rc8 47. bxa6 bxa6 48. Kd4 Kc6 49. Rd5 Be7 50. Nd7 f6 51. Nc5 Bxc5+ 52. Rxc5+
Kd7 53. Rd5+ Ke6 54. c5 Rc6 55. Rd8 h4 56. Rh8 g5 57. fxg5 fxg5 58. Rg8 Kf5 59.
Kd5 Rh6 60. c6 Rh7 61. Rf8+ Kg4 62. Rf3 Kh5 63. Rc3 g4 64. c7 Rxc7 65. Rxc7 h3
66. Rh7+ Kg6 1-0

[Event "Seniorenkampioenschap 2008"]
[Site "Oosterbeek"]
[Date "2008.07.09"]
[Round "5"]
[White "Berge, H.J.M. ten"]
[Black "Wouters, J.T.M.."]
[Result "1/2-1/2"]
[WhiteElo "1941"]
[BlackElo "1922"]
[PlyCount "112"]
[EventDate "2008.07.07"]
[EventType "swiss"]
[EventRounds "7"]
[EventCountry "NED"]

1. e4 c6 2. d4 d5 3. exd5 cxd5 4. c4 Nf6 5. Nc3 g6 6. Qb3 Bg7 7. cxd5 O-O 8.
Be2 Nbd7 9. Bf3 Nb6 10. Nge2 Ne8 11. a4 a5 12. Nb5 Nd6 13. Nxd6 Qxd6 14. Bf4
Qb4+ 15. Qxb4 axb4 16. b3 Re8 17. Bc7 Ra6 18. O-O Nd7 19. Rac1 e5 20. dxe6
Raxe6 21. Nf4 Ra6 22. Rc4 Bf8 23. Nd5 Rc6 24. Rd1 Rxc4 25. bxc4 Bg7 26. Kf1 b3
27. Bd6 Nf8 28. Rb1 Bxd4 29. Rxb3 b6 30. Nxb6 Ba6 31. Bd5 Rd8 32. Bxf8 Rxd5 33.
Ke1 Re5+ 34. Kd1 Bxf2 35. Bh6 Re8 36. a5 Bc5 37. Nd7 Rd8 38. Rb8 Rxb8 39. Nxb8
Bxc4 40. Nd7 Bd4 41. Kd2 Bb5 42. Nb6 f5 43. Nd5 Be5 44. Bf4 Bxf4+ 45. Nxf4 Kf7
46. Nd5 Bc6 47. Nc7 Bxg2 48. a6 Ke7 49. a7 Kd7 50. Nb5 Kc8 51. Ke3 Kb7 52. Kf4
Kb6 53. Nd4 Kxa7 54. h4 Kb6 55. h5 Kc5 56. hxg6 hxg6 1/2-1/2

[Event "Seniorenkampioenschap 2008"]
[Site "Oosterbeek"]
[Date "2008.07.09"]
[Round "5"]
[White "Wilmink, J.."]
[Black "Peut, A. van der"]
[Result "1-0"]
[WhiteElo "2024"]
[BlackElo "1893"]
[PlyCount "93"]
[EventDate "2008.07.07"]
[EventType "swiss"]
[EventRounds "7"]
[EventCountry "NED"]

1. d4 e6 2. c4 Nf6 3. Nc3 Bb4 4. e3 c5 5. Bd3 d5 6. a3 Bxc3+ 7. bxc3 O-O 8. Nf3
Nbd7 9. O-O Ne4 10. Qc2 Ndf6 11. Ne5 Qc7 12. f3 Nd6 13. e4 dxc4 14. Nxc4 Nxc4
15. Bxc4 cxd4 16. cxd4 b5 17. Bd3 Qxc2 18. Bxc2 Bd7 19. Bd3 Rfc8 20. Bd2 Kf8
21. Rfb1 Rab8 22. Kf2 a6 23. Bb4+ Ke8 24. Bd6 Rb6 25. Bc5 Rbc6 26. Rb2 e5 27.
Ke3 exd4+ 28. Bxd4 Be6 29. a4 Bc4 30. axb5 axb5 31. Rxb5 Bxb5 32. Bxb5 Ke7 33.
Bxc6 Rxc6 34. Rb1 Ne8 35. Rb7+ Ke6 36. f4 g6 37. g4 Rc7 38. Rb6+ Kd7 39. Be5
Rc2 40. f5 Rc5 41. Kd4 Rc1 42. Rb7+ Kc6 43. Rxf7 Rd1+ 44. Ke3 gxf5 45. gxf5
Re1+ 46. Kf3 Rf1+ 47. Ke2 1-0

[Event "Seniorenkampioenschap 2008"]
[Site "Oosterbeek"]
[Date "2008.07.09"]
[Round "5"]
[White "Haitsma, A.H.."]
[Black "Nagel, J.G.."]
[Result "1/2-1/2"]
[WhiteElo "2011"]
[BlackElo "1925"]
[PlyCount "78"]
[EventDate "2008.07.07"]
[EventType "swiss"]
[EventRounds "7"]
[EventCountry "NED"]

1. d4 Nf6 2. c4 e6 3. Nc3 d5 4. Bg5 Be7 5. e3 O-O 6. Nf3 Nbd7 7. Qc2 h6 8. Bh4
dxc4 9. Bxc4 c5 10. Rd1 cxd4 11. exd4 Nb6 12. Bb3 Nbd5 13. O-O b6 14. Bxf6 Bxf6
15. Nxd5 exd5 16. Qd3 Qd6 17. Rfe1 g6 18. Ne5 Bf5 19. Qf3 Rad8 20. Ng4 Bg7 21.
Ne3 Be6 22. Qe2 Qf4 23. g3 Qd6 24. a3 Qd7 25. Qd3 Rc8 26. Rc1 h5 27. Rc2 Rxc2
28. Bxc2 Re8 29. Rd1 Bh6 30. f4 h4 31. Rf1 hxg3 32. hxg3 Bh3 33. Rf2 Qe6 34.
Kh2 Bg7 35. Rd2 Qxe3 36. Qxe3 Rxe3 37. Kxh3 Kf8 38. Kg2 Ke7 39. Kf2 Re6 1/2-1/2

[Event "Seniorenkampioenschap 2008"]
[Site "Oosterbeek"]
[Date "2008.07.10"]
[Round "6"]
[White "Markus, J.R.."]
[Black "Vogel, J.."]
[Result "1/2-1/2"]
[WhiteElo "2148"]
[BlackElo "2241"]
[PlyCount "43"]
[EventDate "2008.07.07"]
[EventType "swiss"]
[EventRounds "7"]
[EventCountry "NED"]

1. d4 e6 2. Nf3 Nf6 3. Bg5 h6 4. Bh4 c5 5. e3 b6 6. Nbd2 Bb7 7. Bd3 Be7 8. O-O
Nc6 9. c3 d6 10. Qe2 O-O 11. Rfd1 cxd4 12. exd4 d5 13. Ne5 Nxe5 14. dxe5 Nd7
15. Bxe7 Qxe7 16. Nf3 Nc5 17. Nd4 a5 18. Rac1 f5 19. b4 Nd7 20. a3 Rfc8 21. f4
Nf8 22. Rf1 1/2-1/2

[Event "Seniorenkampioenschap 2008"]
[Site "Oosterbeek"]
[Date "2008.07.10"]
[Round "6"]
[White "Ruiter, T. de"]
[Black "Monté,  P.J.."]
[Result "1-0"]
[WhiteElo "2093"]
[BlackElo "2044"]
[PlyCount "89"]
[EventDate "2008.07.07"]
[EventType "swiss"]
[EventRounds "7"]
[EventCountry "NED"]

1. e4 e6 2. d3 d5 3. Nd2 Nf6 4. Ngf3 Be7 5. g3 O-O 6. Bg2 c5 7. O-O Nc6 8. Re1
dxe4 9. dxe4 Qc7 10. c3 Rd8 11. Qc2 b5 12. Nf1 Bb7 13. Bf4 e5 14. Bg5 Ne8 15.
Rad1 Bxg5 16. Nxg5 h6 17. Nf3 Rxd1 18. Rxd1 Rd8 19. Ne3 Rxd1+ 20. Qxd1 Ne7 21.
Qc2 Bc6 22. b3 f6 23. Qd3 Nd6 24. Nd2 Kf8 25. Bh3 Nf7 26. c4 b4 27. Nd5 Qa5 28.
Qc2 Ng5 29. Bg4 Nf7 30. h4 Be8 31. Nf1 Nc6 32. Nfe3 Nd4 33. Qb1 Nd6 34. Nf5
N6xf5 35. Bxf5 Ne2+ 36. Kg2 Bf7 37. Bg4 Bxd5 38. exd5 Nc3 39. Qh7 Qd8 40. Be6
Ke7 41. Qxg7+ Kd6 42. Qxa7 Qc7 43. Qa6+ Ke7 44. Bf5 Kf7 45. d6 1-0

[Event "Seniorenkampioenschap 2008"]
[Site "Oosterbeek"]
[Date "2008.07.10"]
[Round "6"]
[White "Goossen, T.P.."]
[Black "Arp,  F.L.."]
[Result "1/2-1/2"]
[WhiteElo "2019"]
[BlackElo "1913"]
[PlyCount "108"]
[EventDate "2008.07.07"]
[EventType "swiss"]
[EventRounds "7"]
[EventCountry "NED"]

1. e4 e5 2. Nf3 Nc6 3. Bb5 a6 4. Bxc6 dxc6 5. Nc3 Bg4 6. h3 Bh5 7. g4 Bg6 8.
Nxe5 Nf6 9. d3 Bc5 10. Qe2 Qe7 11. Nxg6 hxg6 12. Be3 Bxe3 13. fxe3 b5 14. O-O-O
a5 15. Qf3 Nd7 16. d4 a4 17. e5 Ra6 18. e4 b4 19. Ne2 b3 20. cxb3 a3 21. Qc3
axb2+ 22. Qxb2 O-O 23. Kb1 c5 24. dxc5 Rfa8 25. Nc3 Nxc5 26. Rd5 c6 27. Rd4
Qxe5 28. Rhd1 Ne6 29. Rd7 Qf4 30. Qd2 Qe5 31. Qb2 f6 32. Qc2 Kh7 33. Re7 c5 34.
Rd5 Qf4 35. Rdd7 Qf1+ 36. Qd1 Qg2 37. Rd2 Qg3 38. Rd3 Qe5 39. Qd2 c4 40. Rd5
Qb8 41. Rb5 Qf8 42. Rbb7 cxb3 43. axb3 Qc8 44. Kb2 Qc5 45. Na4 Qe5+ 46. Qc3
Qh2+ 47. Ka3 Kh6 48. Qe3+ g5 49. Rb6 Qe5 50. Rexe6 Qa1+ 51. Kb4 Rxa4+ 52. bxa4
Qxa4+ 53. Kc5 Qc2+ 54. Kb5 Qa4+ 1/2-1/2

[Event "Seniorenkampioenschap 2008"]
[Site "Oosterbeek"]
[Date "2008.07.10"]
[Round "6"]
[White "Etmans, M.D.."]
[Black "Graaf, R.A.G. de"]
[Result "1/2-1/2"]
[WhiteElo "2135"]
[BlackElo "2143"]
[PlyCount "61"]
[EventDate "2008.07.07"]
[EventType "swiss"]
[EventRounds "7"]
[EventCountry "NED"]

1. e3 d5 2. Nf3 Nf6 3. b3 Bg4 4. Bb2 Nbd7 5. Be2 e6 6. O-O Bd6 7. d4 O-O 8.
Nbd2 Ne4 9. Nxe4 dxe4 10. Ne5 Bxe2 11. Qxe2 f5 12. Nxd7 Qxd7 13. f4 c6 14. c4
Qe7 15. Rad1 Rad8 16. Kh1 Qh4 17. Rg1 h5 18. Bc3 Qg4 19. Qf2 Kf7 20. Rd2 Rh8
21. h3 Qg6 22. g3 Qf6 23. Bb2 Qe7 24. h4 Bb4 25. Rdd1 Ba3 26. Ba1 b5 27. Qc2
Rc8 28. Qe2 a6 29. d5 cxd5 30. cxd5 Kg6 31. Rd2 1/2-1/2

[Event "Seniorenkampioenschap 2008"]
[Site "Oosterbeek"]
[Date "2008.07.10"]
[Round "6"]
[White "Hartoch, R.G.."]
[Black "Rooi, P. de"]
[Result "1/2-1/2"]
[WhiteElo "2216"]
[BlackElo "1951"]
[PlyCount "44"]
[EventDate "2008.07.07"]
[EventType "swiss"]
[EventRounds "7"]
[EventCountry "NED"]

1. Nf3 Nf6 2. g3 e6 3. Bg2 d5 4. O-O Be7 5. c4 c6 6. b3 O-O 7. Bb2 Nbd7 8. d4
b6 9. Qc2 Bb7 10. Nc3 Rc8 11. e4 dxe4 12. Nxe4 Nxe4 13. Qxe4 Qc7 14. Qe2 Bf6
15. b4 c5 16. dxc5 Bxb2 17. Qxb2 bxc5 18. b5 Bxf3 19. Bxf3 Ne5 20. Be2 Rfd8 21.
f4 Nd7 22. Rad1 Nb6 1/2-1/2

[Event "Seniorenkampioenschap 2008"]
[Site "Oosterbeek"]
[Date "2008.07.10"]
[Round "6"]
[White "Caspel, R.D.J. van"]
[Black "Piket, J.J.."]
[Result "1/2-1/2"]
[WhiteElo "2056"]
[BlackElo "2101"]
[PlyCount "85"]
[EventDate "2008.07.07"]
[EventType "swiss"]
[EventRounds "7"]
[EventCountry "NED"]

1. Nf3 g6 2. g3 Bg7 3. d4 d6 4. Bg2 Nf6 5. O-O O-O 6. c4 Na6 7. Nc3 c5 8. d5
Nc7 9. e4 a6 10. a4 b6 11. h3 Rb8 12. Re1 e5 13. dxe6 Nxe6 14. Be3 Bb7 15. Qd3
Qc7 16. Nd5 Nxd5 17. exd5 Nd8 18. Re2 Bc8 19. Rae1 b5 20. axb5 axb5 21. b3 Bf5
22. Qd2 bxc4 23. bxc4 Rb3 24. Bh6 Qb6 25. Qf4 Rb1 26. Qh4 Bxh6 27. Qxh6 f6 28.
g4 Rxe1+ 29. Rxe1 Bd7 30. Nd2 Nf7 31. Qh4 Qb4 32. Re7 Qxd2 33. Rxd7 g5 34. Qh5
Qe1+ 35. Bf1 Qe4 36. Bg2 Qg6 37. Qxg6+ hxg6 38. Be4 Kg7 39. Kg2 Rd8 40. Rxd8
Nxd8 41. Kf3 Nf7 42. Ke3 Ne5 43. Bd3 1/2-1/2

[Event "Seniorenkampioenschap 2008"]
[Site "Oosterbeek"]
[Date "2008.07.10"]
[Round "6"]
[White "Leeuwen, E. van"]
[Black "Taal, A.P.."]
[Result "1-0"]
[WhiteElo "2060"]
[BlackElo "1930"]
[PlyCount "121"]
[EventDate "2008.07.07"]
[EventType "swiss"]
[EventRounds "7"]
[EventCountry "NED"]

1. e4 c5 2. Nf3 e6 3. d4 cxd4 4. Nxd4 Nf6 5. Nc3 Nc6 6. Nxc6 bxc6 7. e5 Nd5 8.
Ne4 Qc7 9. f4 Qb6 10. Bd3 Ba6 11. Bxa6 Qxa6 12. Qe2 Qxe2+ 13. Kxe2 f5 14. Nf2
Nb4 15. c3 Nd5 16. Nd3 Be7 17. Bd2 Rb8 18. b3 Kf7 19. Rhd1 Rhd8 20. Nb2 Rb7 21.
Na4 Nb6 22. Nb2 Ba3 23. Nd3 Be7 24. c4 Rg8 25. Kf3 h6 26. Be3 g5 27. g3 g4+ 28.
Kg2 h5 29. Bc5 Bd8 30. Bd6 Be7 31. Nc5 Bxd6 32. Nxb7 Be7 33. a4 Rb8 34. Nd6+
Bxd6 35. Rxd6 Rb7 36. Rad1 Ke7 37. R6d3 Nc8 38. h3 Ke8 39. hxg4 hxg4 40. Rh1
Rc7 41. Rh8+ Kf7 42. Rh7+ Ke8 43. Rd1 Ne7 44. Rdh1 Ng6 45. Rg7 Nf8 46. Rh8 Rc8
47. Rgg8 Kf7 48. Kf2 c5 49. a5 a6 50. Ke2 Rb8 51. Kd2 Ke7 52. Kc3 Kf7 53. b4
cxb4+ 54. Kb3 Ke7 55. Rxf8 Rxf8 56. Rxf8 Kxf8 57. Kxb4 Ke7 58. Kc5 d6+ 59.
exd6+ Kd7 60. Kb6 Kxd6 61. c5+ 1-0

[Event "Seniorenkampioenschap 2008"]
[Site "Oosterbeek"]
[Date "2008.07.10"]
[Round "6"]
[White "Grotenhuis, G.H.."]
[Black "Scholten, K.R.."]
[Result "1-0"]
[WhiteElo "1958"]
[BlackElo "1968"]
[PlyCount "79"]
[EventDate "2008.07.07"]
[EventType "swiss"]
[EventRounds "7"]
[EventCountry "NED"]

1. Nf3 Nf6 2. d4 g6 3. c4 Bg7 4. Nc3 O-O 5. e4 c5 6. d5 d6 7. h3 Na6 8. Bd3 Bd7
9. Bf4 h6 10. Qd2 Kh7 11. g4 Nc7 12. g5 Nh5 13. gxh6 Nxf4 14. hxg7 Nxd3+ 15.
Qxd3 Kxg7 16. h4 Rh8 17. O-O-O Bg4 18. Rdg1 Bh5 19. Ng5 Qd7 20. f4 Rag8 21. f5
Kf8 22. Rg3 Ne8 23. Rhg1 Nf6 24. Qe3 Qc7 25. Nb5 Qb8 26. e5 dxe5 27. Qxc5 a6
28. Nc7 Nd7 29. Qa5 b6 30. Nce6+ fxe6 31. Nxe6+ Ke8 32. Qxa6 Kf7 33. Qa4 Qd6
34. Ng5+ Kf8 35. Ne4 Qc7 36. fxg6 Kg7 37. Ng5 Qb7 38. Ne6+ Kh6 39. g7 Rh7 40.
Qc2 1-0

[Event "Seniorenkampioenschap 2008"]
[Site "Oosterbeek"]
[Date "2008.07.10"]
[Round "6"]
[White "Wouters, J.T.M.."]
[Black "Wilmink, J.."]
[Result "1/2-1/2"]
[WhiteElo "1922"]
[BlackElo "2024"]
[PlyCount "95"]
[EventDate "2008.07.07"]
[EventType "swiss"]
[EventRounds "7"]
[EventCountry "NED"]

1. e4 c5 2. c3 Nf6 3. e5 Nd5 4. d4 cxd4 5. Qxd4 e6 6. Nf3 Nc6 7. Qe4 d6 8. Nbd2
dxe5 9. Nxe5 Nxe5 10. Qxe5 Qd6 11. Bb5+ Bd7 12. Bxd7+ Qxd7 13. Nf3 Qd6 14. Qe2
Rc8 15. O-O Be7 16. Rd1 Qc7 17. Nd4 Rd8 18. Nb5 Qc5 19. c4 Nb6 20. Rxd8+ Bxd8
21. Bf4 Be7 22. b3 O-O 23. Rd1 a6 24. Bd6 Bxd6 25. Nxd6 Qc7 26. Qf3 Nd5 27. Qg3
Nf6 28. Ne4 Qxg3 29. Nxf6+ gxf6 30. hxg3 f5 31. Rd7 Rb8 32. Kf1 b5 33. Rc7 bxc4
34. Rxc4 Rb7 35. Ke2 Kf8 36. Ke3 Ke7 37. Ra4 Rb6 38. Rh4 a5 39. Rd4 Rb5 40. Kd3
e5 41. Ra4 Kd6 42. Rc4 Rd5+ 43. Ke3 Rd1 44. Ke2 Rd5 45. Rc8 Rb5 46. Rc4 Rd5 47.
Rh4 Rb5 48. Rc4 1/2-1/2

[Event "Seniorenkampioenschap 2008"]
[Site "Oosterbeek"]
[Date "2008.07.10"]
[Round "6"]
[White "Nagel, J.G.."]
[Black "Mostertman, L.G.."]
[Result "0-1"]
[WhiteElo "1925"]
[BlackElo "1942"]
[PlyCount "86"]
[EventDate "2008.07.07"]
[EventType "swiss"]
[EventRounds "7"]
[EventCountry "NED"]

1. e4 d5 2. exd5 Qxd5 3. Nc3 Qa5 4. d4 e5 5. Qh5 Nc6 6. Bc4 g6 7. Qf3 f5 8. Bb5
Bd7 9. dxe5 O-O-O 10. e6 Re8 11. Nge2 Rxe6 12. O-O Nf6 13. a3 Ne4 14. Be3 Ne5
15. b4 Nxf3+ 16. gxf3 Bxb4 17. axb4 Qxb4 18. Bxd7+ Kxd7 19. fxe4 Qe7 20. Rfe1
Kc8 21. Rxa7 Ra6 22. Rxa6 bxa6 23. Ra1 Qe6 24. e5 g5 25. f4 gxf4 26. Bxf4 Rg8+
27. Kf2 Qc6 28. Ra4 Rg2+ 29. Ke3 Qc5+ 30. Kd3 Rg8 31. Rc4 Rd8+ 32. Nd4 Qe7 33.
e6 c5 34. Be5 Kb7 35. Na4 cxd4 36. Nc5+ Kb6 37. Bxd4 Kb5 38. c3 a5 39. Nd7 Qxe6
40. Rc5+ Ka6 41. Ne5 Rd6 42. Nc4 Qe4+ 43. Kd2 Rxd4+ 0-1

[Event "Seniorenkampioenschap 2008"]
[Site "Oosterbeek"]
[Date "2008.07.10"]
[Round "6"]
[White "Haitsma, A.H.."]
[Black "Berge, H.J.M. ten"]
[Result "1/2-1/2"]
[WhiteElo "2011"]
[BlackElo "1941"]
[PlyCount "24"]
[EventDate "2008.07.07"]
[EventType "swiss"]
[EventRounds "7"]
[EventCountry "NED"]

1. d4 e6 2. c4 c5 3. Nf3 Nf6 4. Nc3 cxd4 5. Nxd4 d5 6. e3 Nc6 7. Be2 Bc5 8.
cxd5 Nxd5 9. Nxc6 bxc6 10. O-O Nxc3 11. Qxd8+ Kxd8 12. bxc3 Kc7 1/2-1/2

[Event "Seniorenkampioenschap 2008"]
[Site "Oosterbeek"]
[Date "2008.07.10"]
[Round "6"]
[White "Duijn, R. van"]
[Black "Peut, A. van der"]
[Result "0-1"]
[WhiteElo "1919"]
[BlackElo "1893"]
[PlyCount "114"]
[EventDate "2008.07.07"]
[EventType "swiss"]
[EventRounds "7"]
[EventCountry "NED"]

1. e4 e6 2. Nf3 d5 3. Nc3 d4 4. Ne2 c5 5. g3 Nc6 6. d3 Nf6 7. Bg2 e5 8. O-O Be7
9. Nh4 g6 10. f4 Ng4 11. Nf3 h5 12. h3 exf4 13. Nxf4 Nge5 14. Nxe5 Nxe5 15. Nd5
Be6 16. Bf4 Bd6 17. Qd2 Bxd5 18. exd5 f6 19. Rae1 Qe7 20. Be4 Rg8 21. c3 O-O-O
22. b4 Kb8 23. bxc5 Bxc5 24. cxd4 Bxd4+ 25. Be3 Bxe3+ 26. Qxe3 Rd6 27. d4 Nc4
28. Qd3 Nb6 29. Bxg6 Qg7 30. Bxh5 Qxg3+ 31. Qxg3 Rxg3+ 32. Kh2 Rd3 33. Re6 Rxd5
34. Rfxf6 Rxh5 35. Rf8+ Nc8 36. Ree8 Rc3 37. Rd8 Rg5 38. d5 Rc2+ 39. Kh1 Rc1+
40. Kh2 Rc2+ 41. Kh1 Re5 42. Rf1 Kc7 43. Rh8 Rxd5 44. h4 Nd6 45. h5 Rc4 46. Kg2
Rh4 47. h6 Rg5+ 48. Kf3 Rgh5 49. Rc1+ Kb6 50. h7 Rxh7 51. Rd8 R7h6 52. Rd1 Kc7
53. Rg8 Rh1 54. Rd2 R6h3+ 55. Ke2 R1h2+ 56. Kd1 Rxd2+ 57. Kxd2 Rh2+ 0-1

[Event "Seniorenkampioenschap 2008"]
[Site "Oosterbeek"]
[Date "2008.07.11"]
[Round "7"]
[White "Ruiter, T. de"]
[Black "Markus, J.R.."]
[Result "1/2-1/2"]
[WhiteElo "2093"]
[BlackElo "2148"]
[PlyCount "36"]
[EventDate "2008.07.07"]
[EventType "swiss"]
[EventRounds "7"]
[EventCountry "NED"]

1. e4 g6 2. d4 d6 3. Be3 Bg7 4. Qd2 Nf6 5. f3 c6 6. c3 Nbd7 7. Na3 Qc7 8. Nh3
a6 9. Be2 b5 10. O-O Bb7 11. Rfc1 O-O 12. Nf2 e5 13. c4 b4 14. Nc2 c5 15. dxc5
dxc5 16. Rd1 Rfd8 17. Nd3 Nf8 18. Qe1 Ne6 1/2-1/2

[Event "Seniorenkampioenschap 2008"]
[Site "Oosterbeek"]
[Date "2008.07.11"]
[Round "7"]
[White "Vogel, J.."]
[Black "Arp,  F.L.."]
[Result "1/2-1/2"]
[WhiteElo "2241"]
[BlackElo "1913"]
[PlyCount "88"]
[EventDate "2008.07.07"]
[EventType "swiss"]
[EventRounds "7"]
[EventCountry "NED"]

1. Nf3 Nf6 2. d4 g6 3. g3 Bg7 4. Bg2 O-O 5. O-O d6 6. c4 Nbd7 7. Nc3 c5 8. e3
a6 9. a4 Rb8 10. h3 b6 11. Qe2 Qc7 12. d5 h6 13. e4 e6 14. dxe6 fxe6 15. e5
Nxe5 16. Nxe5 dxe5 17. Re1 Nh5 18. Ne4 Bb7 19. Qg4 Qf7 20. Be3 Nf6 21. Nxf6+
Qxf6 22. Bxb7 Rxb7 23. Red1 Qf5 24. Rd6 Qxg4 25. hxg4 Kf7 26. a5 Rfb8 27. axb6
Bf8 28. Rc6 Rxb6 29. Rxa6 Rxa6 30. Rxa6 Rxb2 31. Ra7+ Ke8 32. Ra5 Rc2 33. Bxc5
Bxc5 34. Rxc5 Kd7 35. g5 h5 36. Rxe5 Rxc4 37. Kg2 Kd6 38. Ra5 Rc5 39. Ra6+ Ke5
40. Kh3 Kf5 41. f4 Rc1 42. Ra5+ Ke4 43. Ra4+ Kf3 44. Ra3+ Ke4 1/2-1/2